00958cam a22002411 4500001001300000003000400013005001700017008004100034010001700075035001900092040003300111050002500144100003600169245010800205260004800313300002100361490005200382500012600434650003800560650002900598650004100627700004800668l 37000168 DLC20260227111536.0770428s1937 dcu f000 0 eng c al 37000168  a(OCoLC)2922971 aU.S. Dept. of LaborcMidDLC00aHD6093b.A35 no. 1531 aBest, Ethel L.q(Ethel Lombard)10aWomen's hours and wages in the District of Columbia in 1937,cby Ethel L. Best and Arthur T. Sutherland aWashington,bU.S. Govt. Print. Off.,c1937. av, 44 p.c23 cm.0 aBulletin of the [U.S.] Women's bureau,vno. 153 aAt head of title: United States Department of Labor. Frances Perkins, secretary. Women's bureau. Mary Anderson, director. 0aHours of laborzWashington (D.C.) 0aWageszWashington (D.C.) 0aWomenxEmploymentzWashington (D.C.)1 aSoutherland, Arthur Theodore,ejoint author